Využitie výsledkov analýzy informácií z účtovnej závierky vybraného strojárskeho podniku v porovnaní s konkurenčnými podnikmi pri vytváraní stratégie podniku diplomová práca

Salvato in:
Dettagli Bibliografici
Autore principale: Huňová, Nikola
Ente Autore: Fakulta hospodárskej informatiky EU. Katedra účtovníctva a audítorstva
Altri autori: Užík, Ján, 1969-
Natura: Libro
Lingua:slovacco
Pubblicazione: Bratislava 2019
Tags: Aggiungi Tag
Nessun Tag, puoi essere il primo ad aggiungerne!!

MARC

LEADER 00000nbm a2200000 4500
001 0254145
005 20200113074851.5
041 0 |a slo 
044 |a SK 
245 1 0 |a Využitie výsledkov analýzy informácií z účtovnej závierky vybraného strojárskeho podniku v porovnaní s konkurenčnými podnikmi pri vytváraní stratégie podniku  |b diplomová práca  |c Nikola Huňová ; školiteľ: Ján Užík 
264 1 |a Bratislava  |c 2019 
300 |a 66 s. 
100 1 |a Huňová, Nikola 
700 1 |a Užík, Ján, 1969- 
710 2 |a Fakulta hospodárskej informatiky EU. Katedra účtovníctva a audítorstva